Differential geometry of manifolds
Сохранить в:
| Главный автор: | |
|---|---|
| Формат: | |
| Язык: | Undetermined |
| Опубликовано: |
Oxford, U.K.
Alpha Science International Ltd.
2007
|
| Предметы: | |
| Метки: |
Добавить метку
Нет меток, Требуется 1-ая метка записи!
|
| Thư viện lưu trữ: | Trung tâm Học liệu Trường Đại học Cần Thơ |
|---|
| LEADER | 00533nam a2200193Ia 4500 | ||
|---|---|---|---|
| 001 | CTU_131655 | ||
| 008 | 210402s9999 xx 000 0 und d | ||
| 020 | |c 853000 | ||
| 082 | |a 516.36 | ||
| 082 | |b D277 | ||
| 100 | |a De, U. C. | ||
| 245 | 0 | |a Differential geometry of manifolds | |
| 245 | 0 | |c U. C. De and A. A. Shaikh | |
| 260 | |a Oxford, U.K. | ||
| 260 | |b Alpha Science International Ltd. | ||
| 260 | |c 2007 | ||
| 650 | |a Differentiable manifolds. | ||
| 904 | |i Minh | ||
| 980 | |a Trung tâm Học liệu Trường Đại học Cần Thơ | ||